000 00596nam a2200193Ia 4500
003 GCL
008 140319s9999 xx 000 0 ara d
040 _aGCL /
_cGCL
082 0 4 _aد
_b050
100 1 _aعبدالله شحاتة
245 1 0 _aالشباب المسلم وقضاياه المعاصرة ( اقار 596 ) /
_cعبدالله شحاتة
300 _a196 ص
490 _aوثائق ونصوص
_v0
650 0 4 _aالاسلام
650 0 4 _aالاخلاق الاسلامية
650 0 4 _aالشباب
650 0 4 _aالشباب - الحياة الدينية
942 _2ddc
_cCF
999 _c27190
_d27190